[Event "Liberec Open 2016"]
[Site "Liberec CZE"]
[Date "2016.02.13"]
[Round "1.1"]
[White "Plischki, Sebastian"]
[Black "Frej, Zofia"]
[Result "1-0"]
[WhiteElo "2381"]
[BlackElo "1756"]
[PlyCount "63"]
[EventDate "2016.02.13"]
[EventType "swiss"]
[EventRounds "9"]
[EventCountry "CZE"]
[Source "lmi"]
[SourceDate "2016.02.13"]

1. c4 c5 2. Nc3 Nc6 3. Nf3 g6 4. e3 Nf6 5. d4 d6 6. d5 Nb8 7. h3 Bg7 8. e4 O-O
9. Bd3 Na6 10. O-O Bd7 11. Re1 Rb8 12. Bf4 Nb4 13. Bf1 Nh5 14. Bh2 Qb6 15. e5
dxe5 16. Bxe5 Rbd8 17. Qd2 Na6 18. Rad1 e6 19. a3 Nf6 20. Qc1 Nc7 21. g4 Rfe8
22. Qc2 exd5 23. cxd5 Bb5 24. Bg2 Bf8 25. Bg3 Nd7 26. Ne5 Kh8 27. Nxd7 Rxe1+
28. Rxe1 Rxd7 29. Qb3 c4 30. Bxc7 cxb3 31. Bxb6 axb6 32. Nxb5 1-0

[Event "Liberec Open 2016"]
[Site "Liberec CZE"]
[Date "2016.02.13"]
[Round "1.2"]
[White "Simon, Petr"]
[Black "Mikalsen, Erlend"]
[Result "0-1"]
[WhiteElo "1739"]
[BlackElo "2319"]
[PlyCount "72"]
[EventDate "2016.02.13"]
[EventType "swiss"]
[EventRounds "9"]
[EventCountry "CZE"]
[Source "lmi"]
[SourceDate "2016.02.13"]

1. e4 e5 2. Nf3 Nc6 3. Bb5 a6 4. Ba4 Nf6 5. d3 Bc5 6. c3 b5 7. Bc2 O-O 8. O-O
d6 9. h3 Bb6 10. Re1 Ne7 11. Nbd2 Ng6 12. Nf1 Re8 13. Ng3 d5 14. Bg5 c6 15. d4
h6 16. Be3 exd4 17. Bxd4 Be6 18. e5 Nd7 19. Bxg6 fxg6 20. Bxb6 Qxb6 21. Qc2 g5
22. Re3 c5 23. Rae1 Rf8 24. a3 Rf7 25. Nh2 Raf8 26. Rf3 Rxf3 27. Nxf3 Qd8 28.
Qg6 Qe8 29. Qd3 Qf7 30. Rf1 Bxh3 31. Nxg5 hxg5 32. gxh3 Nxe5 33. Qe3 Nf3+ 34.
Kh1 d4 35. cxd4 cxd4 36. Qd3 Qe6 0-1

[Event "Liberec Open 2016"]
[Site "Liberec CZE"]
[Date "2016.02.13"]
[Round "1.4"]
[White "Kaderabek, Jiri"]
[Black "Slechta, Jan"]
[Result "1-0"]
[WhiteElo "2190"]
[BlackElo "1721"]
[PlyCount "95"]
[EventDate "2016.02.13"]
[EventType "swiss"]
[EventRounds "9"]
[EventCountry "CZE"]
[Source "lmi"]
[SourceDate "2016.02.13"]

1. e4 e6 2. d4 c5 3. Nf3 a6 4. Be2 b5 5. O-O Bb7 6. d5 d6 7. dxe6 fxe6 8. a4
Qd7 9. axb5 axb5 10. Rxa8 Bxa8 11. Ng5 Nh6 12. Na3 Bc6 13. Qd3 c4 14. Qd4 Nf7
15. Qb6 Qb7 16. Qxb7 Bxb7 17. Nxe6 Bxe4 18. Nxb5 Bxc2 19. Bxc4 Nc6 20. Re1 Nce5
21. Ned4 Ba4 22. f4 d5 23. Bf1 Bc5 24. Kh1 O-O 25. fxe5 Nxe5 26. Ne6 Bb4 27.
Nxf8 Bxe1 28. Ne6 Bf2 29. Nbd4 Bd1 30. Bd2 Ng4 31. h3 Ne3 32. Be2 Nc4 33. Bc3
Bxe2 34. Nxe2 Kf7 35. Nc7 Nb6 36. g4 g6 37. Kg2 Bc5 38. Bd4 Bxd4 39. Nxd4 Ke7
40. g5 Kd6 41. Ne8+ Ke5 42. Nf3+ Kf5 43. b4 d4 44. b5 d3 45. h4 Nc4 46. Kf2 Kf4
47. Nd4 Kg4 48. Nf6+ 1-0

[Event "Liberec Open 2016"]
[Site "Liberec CZE"]
[Date "2016.02.13"]
[Round "1.5"]
[White "Hung, Do"]
[Black "Bartos, Jan"]
[Result "0-1"]
[WhiteElo "1715"]
[BlackElo "2181"]
[PlyCount "34"]
[EventDate "2016.02.13"]
[EventType "swiss"]
[EventRounds "9"]
[EventCountry "CZE"]
[Source "lmi"]
[SourceDate "2016.02.13"]

1. e4 g6 2. f4 d5 3. exd5 Qxd5 4. Nc3 Qd6 5. g3 Bd7 6. Nf3 Bg7 7. Bg2 Nc6 8.
Nb5 Qe6+ 9. Kf2 O-O-O 10. Re1 Qc4 11. Nc3 Nf6 12. d3 Qc5+ 13. d4 Nxd4 14. Kf1
Bg4 15. Be3 Qc4+ 16. Kf2 Nxf3 17. Qxd8+ Rxd8 0-1

[Event "Liberec Open 2016"]
[Site "Liberec CZE"]
[Date "2016.02.13"]
[Round "1.7"]
[White "Biza, Miroslav"]
[Black "Moravec, Vit"]
[Result "0-1"]
[WhiteElo "1695"]
[BlackElo "2180"]
[PlyCount "24"]
[EventDate "2016.02.13"]
[EventType "swiss"]
[EventRounds "9"]
[EventCountry "CZE"]
[Source "lmi"]
[SourceDate "2016.02.13"]

1. d4 Nf6 2. Nf3 c5 3. e3 g6 4. Bd3 Bg7 5. e4 cxd4 6. Nxd4 O-O 7. Be3 d5 8. e5
Ng4 9. Qd2 Bxe5 10. Nc3 Nxe3 11. Qxe3 Bg7 12. O-O-O e5 0-1

[Event "Liberec Open 2016"]
[Site "Liberec CZE"]
[Date "2016.02.13"]
[Round "1.9"]
[White "Svec, Ludek"]
[Black "Krivanek, Vladimir"]
[Result "0-1"]
[WhiteElo "1679"]
[BlackElo "2137"]
[PlyCount "86"]
[EventDate "2016.02.13"]
[EventType "swiss"]
[EventRounds "9"]
[EventCountry "CZE"]
[Source "lmi"]
[SourceDate "2016.02.13"]

1. d4 Nc6 2. Nf3 e6 3. g3 d5 4. Bg2 Nf6 5. O-O Bd6 6. c4 O-O 7. Nc3 h6 8. Bd2
Ne4 9. Qc1 Re8 10. Rd1 Qf6 11. Bf4 Bxf4 12. Qxf4 Qxf4 13. gxf4 Nxc3 14. bxc3
dxc4 15. Ne5 Na5 16. Rab1 f6 17. Nf3 c6 18. e4 b6 19. e5 Bb7 20. Nd2 f5 21. Rb4
b5 22. a4 a6 23. Ra1 Red8 24. Rb2 Ra7 25. axb5 axb5 26. Rba2 Rda8 27. Ra3 Ra6
28. h4 g6 29. Kh2 Kf7 30. Kg3 Ke7 31. R1a2 Nb3 32. Rxa6 Rxa6 33. Rxa6 Bxa6 34.
Nb1 Kd7 35. Kf3 c5 36. dxc5 Bb7+ 37. Kg3 Bxg2 38. Kxg2 Kc6 39. Kf3 Kxc5 40. Ke3
b4 41. f3 Kb5 42. cxb4 Kxb4 43. Kf2 c3 0-1

[Event "Liberec Open 2016"]
[Site "Liberec CZE"]
[Date "2016.02.13"]
[Round "1.10"]
[White "Simon, Peter"]
[Black "Zitek, Jiri"]
[Result "1-0"]
[WhiteElo "2134"]
[BlackElo "1666"]
[PlyCount "77"]
[EventDate "2016.02.13"]
[EventType "swiss"]
[EventRounds "9"]
[EventCountry "CZE"]
[Source "lmi"]
[SourceDate "2016.02.13"]

1. d4 d6 2. e4 c6 3. a4 Nf6 4. Nc3 g6 5. g3 Bg7 6. Bg2 O-O 7. Nge2 Bg4 8. f3
Be6 9. b3 Nh5 10. O-O Qa5 11. Be3 Na6 12. Qd2 Rfe8 13. Rad1 Qc7 14. g4 Nf6 15.
Nf4 Bc8 16. h3 Nb4 17. Qf2 Qa5 18. Nb1 e5 19. Nd3 Nxd3 20. Rxd3 Bd7 21. Rfd1
Qb4 22. dxe5 d5 23. f4 dxe4 24. Rxd7 Nxd7 25. Rxd7 Rad8 26. Rxd8 Rxd8 27. Nd2
f5 28. exf6 Bxf6 29. Nxe4 Bg7 30. Bc5 Qa5 31. Qe2 Qc7 32. Qc4+ Kh8 33. Ng5 b5
34. Qe6 Rd1+ 35. Bf1 Rxf1+ 36. Kxf1 Qxf4+ 37. Ke2 Qh2+ 38. Bf2 h6 39. Qe8+ 1-0

[Event "Liberec Open 2016"]
[Site "Liberec CZE"]
[Date "2016.02.13"]
[Round "1.13"]
[White "Kopecky, Zdenek"]
[Black "Fogel, Pierre"]
[Result "0-1"]
[WhiteElo "1654"]
[BlackElo "2086"]
[PlyCount "74"]
[EventDate "2016.02.13"]
[EventType "swiss"]
[EventRounds "9"]
[EventCountry "CZE"]
[Source "lmi"]
[SourceDate "2016.02.13"]

1. d4 d5 2. c4 e6 3. Nc3 Be7 4. Nf3 Nf6 5. Bg5 h6 6. Bh4 O-O 7. e3 b6 8. cxd5
Nxd5 9. Nxd5 exd5 10. Bxe7 Qxe7 11. Be2 Be6 12. O-O c5 13. b3 a5 14. Bb5 Rc8
15. Rc1 Nc6 16. Qd2 Rc7 17. h3 Na7 18. Be2 Nc8 19. Ne5 a4 20. dxc5 bxc5 21. Nf3
axb3 22. axb3 Nd6 23. Qb2 Rb8 24. Qc2 Ne4 25. Bd3 f5 26. Bxe4 fxe4 27. Nd2 Rf8
28. Qc3 Qg5 29. Kh2 Rf6 30. f3 exf3 31. Nxf3 Qh5 32. Qa5 Rcf7 33. Qd2 Bxh3 34.
gxh3 Rxf3 35. Rxf3 Rxf3 36. Qg2 Qe5+ 37. Kh1 Qxe3 0-1

[Event "Liberec Open 2016"]
[Site "Liberec CZE"]
[Date "2016.02.13"]
[Round "1.14"]
[White "Siggelkow, Axel"]
[Black "Polansky, Adam Lubos"]
[Result "1/2-1/2"]
[WhiteElo "2051"]
[BlackElo "1641"]
[PlyCount "48"]
[EventDate "2016.02.13"]
[EventType "swiss"]
[EventRounds "9"]
[EventCountry "CZE"]
[Source "lmi"]
[SourceDate "2016.02.13"]

1. d4 Nf6 2. Nf3 e6 3. g3 b6 4. Bg2 Bb7 5. O-O Be7 6. c4 O-O 7. d5 exd5 8. Nh4
Ng4 9. Nf5 Bc5 10. cxd5 Qf6 11. e4 Nxf2 12. Rxf2 Bxf2+ 13. Kxf2 g6 14. Qd4
Qxd4+ 15. Nxd4 c5 16. Nb5 Na6 17. Bh3 Rfd8 18. Nd6 Rab8 19. Bg5 f6 20. Bxf6 Rf8
21. e5 Nb4 22. Nxb7 Rxf6+ 23. exf6 Nc2 24. d6 Kf7 1/2-1/2

[Event "Liberec Open 2016"]
[Site "Liberec CZE"]
[Date "2016.02.13"]
[Round "1.15"]
[White "Hlavacek, Ondrej"]
[Black "Samborski, Henryk"]
[Result "0-1"]
[WhiteElo "1638"]
[BlackElo "2050"]
[PlyCount "30"]
[EventDate "2016.02.13"]
[EventType "swiss"]
[EventRounds "9"]
[EventCountry "CZE"]
[Source "lmi"]
[SourceDate "2016.02.13"]

1. d4 g6 2. c4 Bg7 3. g3 c5 4. Nf3 cxd4 5. Nxd4 Nc6 6. Nxc6 bxc6 7. Bg2 Nf6 8.
Nc3 Ba6 9. Qa4 Qb6 10. Rb1 Ng4 11. O-O Bxc3 12. Be3 Qb4 13. Qc2 Nxe3 14. fxe3
Bf6 15. h4 Qxc4 0-1

[Event "Liberec Open 2016"]
[Site "Liberec CZE"]
[Date "2016.02.13"]
[Round "1.17"]
[White "Babicky, Frantisek"]
[Black "Bradac, Daniel"]
[Result "0-1"]
[WhiteElo "1620"]
[BlackElo "2030"]
[PlyCount "42"]
[EventDate "2016.02.13"]
[EventType "swiss"]
[EventRounds "9"]
[EventCountry "CZE"]
[Source "lmi"]
[SourceDate "2016.02.13"]

1. c4 Nf6 2. g3 g6 3. Bg2 Bg7 4. Nc3 O-O 5. d4 c5 6. d5 a6 7. e4 d6 8. Nge2 Bd7
9. O-O b5 10. cxb5 axb5 11. Nf4 b4 12. Nce2 Bb5 13. Nd3 Qb6 14. h3 Qa6 15. Nxb4
cxb4 16. Re1 Nbd7 17. Be3 Ne5 18. Nf4 Nfd7 19. Bf1 Rfe8 20. Bxb5 Qxb5 21. Ne2
Nf3+ 0-1

[Event "Liberec Open 2016"]
[Site "Liberec CZE"]
[Date "2016.02.13"]
[Round "1.19"]
[White "Sedlak, Jaroslav"]
[Black "Dzikowski, Michal"]
[Result "0-1"]
[WhiteElo "1615"]
[BlackElo "2028"]
[PlyCount "36"]
[EventDate "2016.02.13"]
[EventType "swiss"]
[EventRounds "9"]
[EventCountry "CZE"]
[Source "lmi"]
[SourceDate "2016.02.13"]

1. b3 e5 2. Bb2 Nc6 3. e4 Nf6 4. f3 Bc5 5. Bb5 Nd4 6. Nc3 Nxb5 7. Nxb5 c6 8.
Nc3 d5 9. exd5 cxd5 10. Na4 Bd6 11. d4 e4 12. Nc3 O-O 13. fxe4 Bg4 14. Qd3 dxe4
15. Qe3 Rc8 16. Nge2 Bxe2 17. Qxe2 Bb4 18. Kd2 Qxd4+ 0-1

[Event "Liberec Open 2016"]
[Site "Liberec CZE"]
[Date "2016.02.13"]
[Round "1.23"]
[White "Hercik, Petr"]
[Black "Malinovsky, Petr"]
[Result "0-1"]
[WhiteElo "1594"]
[BlackElo "1979"]
[PlyCount "57"]
[EventDate "2016.02.13"]
[EventType "swiss"]
[EventRounds "9"]
[EventCountry "CZE"]
[Source "lmi"]
[SourceDate "2016.02.13"]

1. d4 d5 2. Nf3 e6 3. c4 c6 4. e3 f5 5. Ne5 Nf6 6. Nd2 Bd6 7. Be2 O-O 8. f4
Bxe5 9. fxe5 Ne4 10. O-O b6 11. Bd3 Ba6 12. b3 Nd7 13. Nf3 g5 14. cxd5 Bxd3 15.
Qxd3 cxd5 16. Ba3 Rf7 17. Nd2 Rc8 18. Nxe4 dxe4 19. Qd2 Nxe5 20. Qe2 Nd3 21.
Rad1 g4 22. Rxd3 exd3 23. Qxd3 Rfc7 24. Rf2 Rc3 25. Qd2 Rc2 26. Qe1 Qc7 27.
Rxc2 Qxc2 28. Qh4 Qd1+ 29. Kf2 0-1

[Event "Liberec Open 2016"]
[Site "Liberec CZE"]
[Date "2016.02.13"]
[Round "1.29"]
[White "Twardowski, Hubert"]
[Black "Prachar, Josef"]
[Result "0-1"]
[WhiteElo "1569"]
[BlackElo "1923"]
[PlyCount "46"]
[EventDate "2016.02.13"]
[EventType "swiss"]
[EventRounds "9"]
[EventCountry "CZE"]
[Source "lmi"]
[SourceDate "2016.02.13"]

1. e4 c5 2. Nf3 Nc6 3. d4 cxd4 4. Nxd4 Nf6 5. Nc3 d6 6. f3 e6 7. Be3 Be7 8. Qd2
a6 9. O-O-O Qc7 10. Kb1 Nxd4 11. Bxd4 b5 12. g4 Bb7 13. h4 b4 14. Na4 Bc6 15.
Nb6 Rb8 16. Nc4 O-O 17. Bxf6 Bxf6 18. Qxd6 Rfd8 19. Qd3 Rxd3 20. Bxd3 Bb5 21.
Ne3 Qe5 22. c3 bxc3 23. b3 c2+ 0-1

[Event "Liberec Open 2016"]
[Site "Liberec CZE"]
[Date "2016.02.13"]
[Round "1.30"]
[White "Sernecki, Franciszek"]
[Black "Zadrazil, Filip"]
[Result "1-0"]
[WhiteElo "1907"]
[BlackElo "1560"]
[PlyCount "31"]
[EventDate "2016.02.13"]
[EventType "swiss"]
[EventRounds "9"]
[EventCountry "CZE"]
[Source "lmi"]
[SourceDate "2016.02.13"]

1. e4 e6 2. d4 d5 3. exd5 exd5 4. c4 dxc4 5. Bxc4 Nf6 6. Nf3 Bb4+ 7. Nc3 O-O 8.
O-O Bf5 9. Qb3 Bxc3 10. bxc3 Be4 11. Ba3 Nfd7 12. Bxf8 Bxf3 13. gxf3 Qg5+ 14.
Kh1 Qf5 15. Qxb7 c6 16. Be2 1-0

[Event "Liberec Open 2016"]
[Site "Liberec CZE"]
[Date "2016.02.13"]
[Round "1.32"]
[White "Grzesik, Norbert"]
[Black "Kusa, Jakub"]
[Result "1-0"]
[WhiteElo "1892"]
[BlackElo "1552"]
[PlyCount "27"]
[EventDate "2016.02.13"]
[EventType "swiss"]
[EventRounds "9"]
[EventCountry "CZE"]
[Source "lmi"]
[SourceDate "2016.02.13"]

1. e4 c6 2. d4 d5 3. exd5 cxd5 4. Bd3 Nf6 5. c3 e6 6. Bf4 Nc6 7. Nf3 Be7 8. O-O
a6 9. Nbd2 O-O 10. Ne5 Re8 11. Ndf3 Bd7 12. Ng5 Rf8 13. Qc2 h6 14. Bh7+ 1-0

[Event "Liberec Open 2016"]
[Site "Liberec CZE"]
[Date "2016.02.13"]
[Round "1.34"]
[White "Kolmas, Oldrich"]
[Black "Glacner, Karel"]
[Result "1/2-1/2"]
[WhiteElo "1889"]
[BlackElo "1528"]
[PlyCount "48"]
[EventDate "2016.02.13"]
[EventType "swiss"]
[EventRounds "9"]
[EventCountry "CZE"]
[Source "lmi"]
[SourceDate "2016.02.13"]

1. e4 e5 2. Nf3 Nc6 3. Bc4 Nf6 4. Ng5 Bc5 5. Bxf7+ Ke7 6. Bd5 Nb4 7. Nc3 c6 8.
Bb3 d5 9. h3 h6 10. Nf3 dxe4 11. a3 exf3 12. axb4 fxg2 13. Rg1 Bxf2+ 14. Kxf2
Bxh3 15. d4 Rf8 16. Kg3 Ng4 17. Rxg2 Qd7 18. dxe5 Qxd1 19. Nxd1 Bxg2 20. Kxg2
Nxe5 21. Be3 b6 22. c4 Rad8 23. c5 b5 24. Bc2 Kf6 1/2-1/2

[Event "Liberec Open 2016"]
[Site "Liberec CZE"]
[Date "2016.02.13"]
[Round "1.35"]
[White "Valik, Ondrej"]
[Black "Pribylova, Sofie"]
[Result "0-1"]
[WhiteElo "1517"]
[BlackElo "1872"]
[PlyCount "84"]
[EventDate "2016.02.13"]
[EventType "swiss"]
[EventRounds "9"]
[EventCountry "CZE"]
[Source "lmi"]
[SourceDate "2016.02.13"]

1. c4 Nf6 2. Nf3 g6 3. Nc3 d5 4. cxd5 Nxd5 5. e4 Nxc3 6. bxc3 Bg7 7. Ba3 O-O 8.
Bc4 Nd7 9. O-O c5 10. d4 Nb6 11. Be2 cxd4 12. cxd4 Be6 13. Bb4 Bc4 14. Bxc4
Nxc4 15. Rb1 Qd7 16. Qd3 Rac8 17. Rfd1 Rfd8 18. Bc3 b6 19. Rb4 Ne5 20. Nxe5
Bxe5 21. Qd2 Bxh2+ 22. Kxh2 Qc7+ 23. f4 Qxc3 24. Qxc3 Rxc3 25. Rd2 Rdc8 26. d5
R8c4 27. Rxc4 Rxc4 28. Re2 Rc3 29. g3 Kf8 30. Kh3 Ke8 31. Kg4 Kd7 32. Rd2 b5
33. e5 a5 34. f5 f6 35. fxg6 hxg6 36. exf6 exf6 37. Kf4 Kd6 38. g4 Rc5 39. Ke4
f5+ 40. gxf5 gxf5+ 41. Kxf5 Rxd5+ 42. Rxd5+ Kxd5 0-1

[Event "Liberec Open 2016"]
[Site "Liberec CZE"]
[Date "2016.02.13"]
[Round "1.40"]
[White "Svetinsky, Vladimir"]
[Black "Parizek, Vojtech"]
[Result "0-1"]
[WhiteElo "1449"]
[BlackElo "1852"]
[PlyCount "66"]
[EventDate "2016.02.13"]
[EventType "swiss"]
[EventRounds "9"]
[EventCountry "CZE"]
[Source "lmi"]
[SourceDate "2016.02.13"]

1. d4 Nf6 2. c4 g6 3. Nc3 Bg7 4. Nf3 d6 5. e3 O-O 6. Bd3 Nc6 7. O-O e5 8. dxe5
dxe5 9. e4 Be6 10. b3 Nh5 11. Ng5 Bc8 12. Nd5 Nf4 13. Nxf4 exf4 14. Bxf4 Bxa1
15. Qxa1 f6 16. Nxh7 Kxh7 17. Be2 Qd4 18. Qb1 f5 19. Rd1 Qxe4 20. Qxe4 fxe4 21.
Bxc7 Bf5 22. h3 Rac8 23. Bf4 Rcd8 24. a3 Rxd1+ 25. Bxd1 Bxh3 26. Be3 Rd8 27.
Bc2 Bf5 28. b4 Ne5 29. c5 Nc4 30. Bc1 e3 31. Bxf5 e2 32. f3 e1=Q+ 33. Kh2 Qh4+
0-1

[Event "Liberec Open 2016"]
[Site "Liberec CZE"]
[Date "2016.02.13"]
[Round "1.45"]
[White "Ulicny, Daniel"]
[Black "Stocek, Jiri"]
[Result "1-0"]
[WhiteElo "1783"]
[BlackElo "1227"]
[PlyCount "33"]
[EventDate "2016.02.13"]
[EventType "swiss"]
[EventRounds "9"]
[EventCountry "CZE"]
[Source "lmi"]
[SourceDate "2016.02.13"]

1. d4 d5 2. c4 dxc4 3. e3 Nf6 4. Bxc4 e6 5. Nf3 Nc6 6. Nc3 Bb4 7. O-O Bxc3 8.
bxc3 O-O 9. Qc2 g6 10. e4 Nh5 11. e5 b6 12. Bg5 Qe8 13. g4 Ng7 14. Bf6 Qd7 15.
Qd2 Ne8 16. Qh6 Bb7 17. Ng5 1-0

[Event "Liberec Open 2016"]
[Site "Liberec CZE"]
[Date "2016.02.14"]
[Round "2.1"]
[White "Mikalsen, Harald"]
[Black "Plischki, Sebastian"]
[Result "1/2-1/2"]
[WhiteElo "1975"]
[BlackElo "2381"]
[PlyCount "89"]
[EventDate "2016.02.13"]
[EventType "swiss"]
[EventRounds "9"]
[EventCountry "CZE"]
[Source "lmi"]
[SourceDate "2016.02.13"]

1. e4 c5 2. Nf3 Nc6 3. d4 cxd4 4. Nxd4 Nf6 5. Nc3 d6 6. Be2 e5 7. Ndb5 a6 8.
Na3 b5 9. Nd5 Nxd5 10. Qxd5 Bb7 11. c4 Qd7 12. Qd1 b4 13. Nc2 Be7 14. O-O O-O
15. Bg4 Qc7 16. Be3 a5 17. b3 Nd8 18. f3 Ne6 19. Qd2 Nc5 20. Rfd1 Kh8 21. Qf2
Ne6 22. Rac1 Bc6 23. Qg3 Rfb8 24. h4 Nf8 25. Bd2 Bd8 26. Ne3 g6 27. Kh2 Qe7 28.
Be1 Bb6 29. Nd5 Bxd5 30. Rxd5 Bc5 31. Bf2 Ne6 32. Bxe6 fxe6 33. Rxc5 dxc5 34.
Qxe5+ Kg8 35. Bxc5 Qxh4+ 36. Kg1 Re8 37. Bd4 Qh6 38. Qh8+ Kf7 39. Qf6+ Kg8 40.
Rd1 Rad8 41. Qh8+ Kf7 42. Qf6+ Kg8 43. Qh8+ Kf7 44. Qf6+ Kg8 45. Qh8+ 1/2-1/2

[Event "Liberec Open 2016"]
[Site "Liberec CZE"]
[Date "2016.02.14"]
[Round "2.2"]
[White "Mikalsen, Erlend"]
[Black "Jeute, Peter"]
[Result "1-0"]
[WhiteElo "2319"]
[BlackElo "1976"]
[PlyCount "63"]
[EventDate "2016.02.13"]
[EventType "swiss"]
[EventRounds "9"]
[EventCountry "CZE"]
[Source "lmi"]
[SourceDate "2016.02.13"]

1. e4 e6 2. d4 d5 3. Nc3 Nf6 4. Bg5 Be7 5. e5 Nfd7 6. Bxe7 Qxe7 7. f4 a6 8. Nf3
c5 9. Qd2 Nc6 10. dxc5 Qxc5 11. Bd3 b5 12. Ne2 Bb7 13. c3 Rc8 14. a3 Qe7 15.
O-O O-O 16. Ned4 Nc5 17. Rae1 g6 18. Bb1 Nd7 19. g4 Rce8 20. f5 exf5 21. gxf5
f6 22. e6 Nde5 23. Nxc6 Nxf3+ 24. Rxf3 Bxc6 25. fxg6 hxg6 26. Bxg6 Qc5+ 27. Qd4
Qxd4+ 28. cxd4 Re7 29. Bf7+ Kg7 30. Kf2 Rexf7 31. exf7 Rxf7 32. Rc3 1-0

[Event "Liberec Open 2016"]
[Site "Liberec CZE"]
[Date "2016.02.14"]
[Round "2.3"]
[White "Peniska, Pavel"]
[Black "Kaderabek, Jiri"]
[Result "1/2-1/2"]
[WhiteElo "1957"]
[BlackElo "2190"]
[PlyCount "73"]
[EventDate "2016.02.13"]
[EventType "swiss"]
[EventRounds "9"]
[EventCountry "CZE"]
[Source "lmi"]
[SourceDate "2016.02.13"]

1. e4 d5 2. exd5 Nf6 3. d4 Nxd5 4. c4 Nf6 5. Be2 g6 6. Nc3 Bg7 7. h3 O-O 8. Nf3
c6 9. Be3 Bf5 10. O-O Ne4 11. Nxe4 Bxe4 12. Qd2 Nd7 13. Rfd1 Nf6 14. Bh6 Qb6
15. Bxg7 Kxg7 16. b3 a5 17. Qe3 a4 18. Nd2 Bc2 19. Rdc1 Bf5 20. g4 Be6 21. Nf3
Rfd8 22. b4 a3 23. Rab1 Ra4 24. b5 Qc7 25. bxc6 bxc6 26. Rb3 Qa5 27. Rcc3 Ra8
28. Ne5 Qa6 29. Nxc6 Bxc4 30. Bxc4 Qxc6 31. Bb5 Qd6 32. Bxa4 Nd5 33. Rc6 Nxe3
34. Rxd6 exd6 35. Bc6 Rc8 36. fxe3 Rxc6 37. Rxa3 1/2-1/2

[Event "Liberec Open 2016"]
[Site "Liberec CZE"]
[Date "2016.02.14"]
[Round "2.4"]
[White "Bartos, Jan"]
[Black "Dimov, Daniel"]
[Result "1-0"]
[WhiteElo "2181"]
[BlackElo "1959"]
[PlyCount "63"]
[EventDate "2016.02.13"]
[EventType "swiss"]
[EventRounds "9"]
[EventCountry "CZE"]
[Source "lmi"]
[SourceDate "2016.02.13"]

1. d4 g6 2. e4 Bg7 3. c4 Nc6 4. d5 Nd4 5. Ne2 e5 6. Nxd4 exd4 7. Bd3 d6 8. O-O
Nf6 9. Nd2 O-O 10. b4 c5 11. dxc6 bxc6 12. Nb3 d5 13. exd5 cxd5 14. c5 Ne4 15.
Bb2 Qh4 16. g3 Qh3 17. Bxd4 Bxd4 18. Nxd4 f5 19. Qb3 Nf6 20. Be2 a5 21. b5 a4
22. Qf3 Ne4 23. c6 f4 24. Qg2 Nc3 25. Qxh3 Bxh3 26. Rfc1 Ne4 27. f3 Nd2 28. Rc2
Nc4 29. Bxc4 dxc4 30. Rxc4 fxg3 31. hxg3 Rae8 32. b6 1-0

[Event "Liberec Open 2016"]
[Site "Liberec CZE"]
[Date "2016.02.14"]
[Round "2.5"]
[White "Prachar, Josef"]
[Black "Balinski, Damian"]
[Result "0-1"]
[WhiteElo "1923"]
[BlackElo "2181"]
[PlyCount "78"]
[EventDate "2016.02.13"]
[EventType "swiss"]
[EventRounds "9"]
[EventCountry "CZE"]
[Source "lmi"]
[SourceDate "2016.02.13"]

1. d4 Nf6 2. c4 e6 3. Nc3 Bb4 4. a3 Bxc3+ 5. bxc3 b6 6. f3 Ba6 7. e4 Nc6 8. Bg5
Qc8 9. Bd3 Na5 10. Qa4 Qb7 11. e5 Nd5 12. cxd5 Bxd3 13. dxe6 fxe6 14. Rd1 Qa6
15. Nh3 Bb5 16. Qb4 Nc6 17. Qb2 O-O 18. Nf2 Rf5 19. f4 h6 20. g4 Rf7 21. Bxh6
gxh6 22. Ne4 Rxf4 23. Nf6+ Rxf6 24. exf6 Rf8 25. g5 hxg5 26. Qd2 Kf7 27. h4
Kxf6 28. Qxg5+ Kf7 29. d5 Ke8 30. dxe6 Ne7 31. Qh5+ Kd8 32. Qh6 Re8 33. exd7
Bxd7 34. Kf2 Kc8 35. Rxd7 Kxd7 36. Rd1+ Kc8 37. Qg7 Qxa3 38. Qg4+ Kb8 39. Qf3
Rg8 0-1

[Event "Liberec Open 2016"]
[Site "Liberec CZE"]
[Date "2016.02.14"]
[Round "2.10"]
[White "Simon, Eric"]
[Black "Koubova, Anna Marie"]
[Result "1-0"]
[WhiteElo "2107"]
[BlackElo "1870"]
[PlyCount "95"]
[EventDate "2016.02.13"]
[EventType "swiss"]
[EventRounds "9"]
[EventCountry "CZE"]
[Source "lmi"]
[SourceDate "2016.02.13"]

1. Nf3 Nf6 2. b3 g6 3. Bb2 Bg7 4. e3 O-O 5. Be2 d5 6. O-O c5 7. d3 Nc6 8. Nbd2
b6 9. Ne5 Bb7 10. Ndf3 Qc7 11. Nxc6 Bxc6 12. Be5 Qb7 13. Qc1 Rfe8 14. Qb2 Bh6
15. c4 Nd7 16. Bc3 e5 17. cxd5 Bxd5 18. e4 Bc6 19. Nxe5 Nxe5 20. Bxe5 Rxe5 21.
Qxe5 Bg7 22. Qd6 Bxa1 23. Rxa1 Bb5 24. Bf3 Qb8 25. Qxb8+ Rxb8 26. Be2 Rd8 27.
a4 Ba6 28. Rc1 Rd4 29. Rc3 Kg7 30. f3 Kf6 31. Kf2 Ke6 32. a5 g5 33. Ke3 f5 34.
g3 h6 35. axb6 axb6 36. Rc1 f4+ 37. gxf4 gxf4+ 38. Kxf4 Bxd3 39. Bxd3 Rxd3 40.
b4 cxb4 41. Rc6+ Rd6 42. Rxd6+ Kxd6 43. Ke3 Kc5 44. Kd3 b5 45. f4 h5 46. h4 Kd6
47. Kc2 Kc5 48. Kb3 1-0

[Event "Liberec Open 2016"]
[Site "Liberec CZE"]
[Date "2016.02.14"]
[Round "2.14"]
[White "Ochman, Tomas"]
[Black "Duda, Antonin"]
[Result "1/2-1/2"]
[WhiteElo "1839"]
[BlackElo "2034"]
[PlyCount "66"]
[EventDate "2016.02.13"]
[EventType "swiss"]
[EventRounds "9"]
[EventCountry "CZE"]
[Source "lmi"]
[SourceDate "2016.02.13"]

1. e4 c5 2. Nf3 d6 3. d4 cxd4 4. Nxd4 Nf6 5. Nc3 g6 6. Be2 Bg7 7. Be3 O-O 8.
O-O Nc6 9. Nxc6 bxc6 10. Qd2 d5 11. exd5 cxd5 12. Bd4 Ne4 13. Nxe4 dxe4 14. c3
e5 15. Be3 Be6 16. Qxd8 Rfxd8 17. Rfd1 a5 18. b3 Bf8 19. Rxd8 Rxd8 20. Rd1 Rc8
21. c4 f5 22. Bb6 Bb4 23. Rd8+ Kf7 24. Rxc8 Bxc8 25. a3 Bc3 26. c5 g5 27. c6
Ke6 28. Bb5 f4 29. Kf1 f3 30. Be3 g4 31. g3 Kd6 32. Bb6 Bd2 33. Kg1 Bc3 1/2-1/2

[Event "Liberec Open 2016"]
[Site "Liberec CZE"]
[Date "2016.02.14"]
[Round "2.16"]
[White "Gronde, Benedikt"]
[Black "Hons, Tomas"]
[Result "0-1"]
[WhiteElo "1811"]
[BlackElo "2030"]
[PlyCount "84"]
[EventDate "2016.02.13"]
[EventType "swiss"]
[EventRounds "9"]
[EventCountry "CZE"]
[Source "lmi"]
[SourceDate "2016.02.13"]

1. e4 e5 2. Nf3 Nc6 3. Bb5 a6 4. Ba4 Nf6 5. O-O b5 6. Bb3 Bb7 7. Re1 Bc5 8. c3
d6 9. d4 Bb6 10. a4 O-O 11. Bg5 h6 12. Bh4 exd4 13. cxd4 Re8 14. axb5 axb5 15.
Rxa8 Bxa8 16. Nc3 Na5 17. Bc2 g5 18. Bg3 b4 19. Nd5 Nxd5 20. exd5 Rxe1+ 21.
Qxe1 Bxd5 22. Qxb4 Nc6 23. Qd2 Qf6 24. h4 Bxf3 25. gxf3 Nxd4 26. Bd1 Nxf3+ 27.
Bxf3 Qxf3 28. Kh2 f6 29. Qe1 Kf7 30. Qf1 f5 31. hxg5 hxg5 32. Qc4+ Kf6 33. Qg8
Qh5+ 34. Kg2 f4 35. Qd8+ Ke5 36. Qe7+ Kd5 37. f3 fxg3 38. Qe4+ Kc5 39. Qe3+ Kc6
40. Qe4+ Kd7 41. Qf5+ Ke7 42. Qe4+ Kf6 0-1